000 00492nam a2200145Ia 4500
008 151213s9999 xx 000 0 und d
100 _aমোবাশ্বর আলী
245 _aশেলী :জীবন ও সাহিত্যকৃতি
_cমোবাশ্বর আলী
260 _aঢাকা
_bমুক্তধারা
_c1995
300 _a8420 p.
650 _aBangla
650 _aBengali Literature
700 _aমোবাশ্বর আলী
999 _c4258
_d4258